Particle/ (Record no. 201115)

MARC details
000 -LEADER
fixed length control field 00565nam a22001937a 4500
005 - DATE AND TIME OF LATEST TRANSACTION
control field 20240229111129.0
010 ## - LCCN (DPL NO)
LC control number ENG-132933
020 ## - INTERNATIONAL STANDARD BOOK NUMBER
Terms of availability 300.00
International Standard Book Number 9789352580811
035 ## - SYSTEM CONTROL NUMBER
System control number EN-116465
037 ## - SOURCE OF ACQUISITION
Source of stock number/acquisition DBAD/PUB
082 ## - DEWEY DECIMAL CLASSIFICATION NUMBER
Classification number 530
100 ## - MAIN ENTRY--PERSONAL NAME
Personal name Roy Sabyasachi
245 ## - TITLE STATEMENT
Title Particle/
Remainder of title Physics For Beginners
Medium English
260 ## - PUBLICATION, DISTRIBUTION, ETC. (IMPRINT)
Place of publication, distribution, etc Karimganj
Name of publisher, distributor, etc Tirthabhumi p\ublication
Date of publication, distribution, etc 2016
270 ## - ADDRESS
City Assam
Address Brojendra road , Assam
Postal code 788710
300 ## - PHYSICAL DESCRIPTION
Extent 199p.
Dimensions 21cm(pbk)
710 ## - ADDED ENTRY--CORPORATE NAME
Corporate name or jurisdiction name as entry element Roma Chatterjee
Relator term Editor
9 (RLIN) 59600
942 ## - ADDED ENTRY ELEMENTS (KOHA)
Source of classification or shelving scheme Dewey Decimal Classification
Item type English Books
Classification part 530
Call number suffix Roy

No items available.


© Delhi Public Library
Hit Counter
free hit counter